[Event "NOR-ch Rapid"]
[Site "Bergen"]
[Date "2024.01.13"]
[Round "6"]
[White "Bjerke, Silje"]
[Black "Schouten, Mathias Lind"]
[Result "1/2-1/2"]
[WhiteElo "2188"]
[BlackElo "2291"]
[PlyCount "99"]
[EventDate "2024.01.13"]
[EventType "swiss (rapid)"]
[EventRounds "10"]
[EventCountry "NOR"]
[SourceTitle "CB03_2024"]
[SourceDate "2024.01.17"]
[SourceVersion "1"]
[SourceVersionDate "2024.01.17"]
[SourceQuality "1"]

1. e4 c5 2. c3 Nf6 3. e5 Nd5 4. Nf3 Nc6 5. Bc4 Nb6 6. Bb3 c4 7. Bc2 d6 8. exd6 Qxd6 9. 0-0 Bg4 10. Re1 e6 11. Na3 0-0-0 12. Qe2 Kb8 13. Nxc4 Nxc4 14. Qxc4 Bxf3 15. gxf3 Ne5 16. Qf4 Nd3 17. Qxd6+ Rxd6 18. Bxd3 Rxd3 19. Re3 Rd5 20. f4 Bd6 21. Rf3 Rf5 22. d4 g5 23. Bd2 g4 24. Rd3 Bxf4 25. Bxf4+ Rxf4 26. Re1 Rd8 27. Kg2 Rd5 28. Re2 Rdf5 29. Red2 Kc7 30. c4 b6 31. b4 a5 32. bxa5 Rxa5 33. Rb3 h5 34. Kg3 Raf5 35. Kg2 Re4 36. Rc3 Rff4 37. c5 Rxd4 38. cxb6+ Kxb6 39. Rdc2 Rd5 40. Rc6+ Kb5 41. Rc8 Rb4 42. R2c7 f5 43. a3 Rf4 44. Rb7+ Ka4 45. Rcb8 Kxa3 46. Rb3+ Ka2 47. Rb2+ Ka1 48. Rb1+ Ka2 49. R1b2+ Ka1 50. Rb1+ 1/2-1/2

[Event "Wch U18"]
[Site "Montesilvano"]
[Date "2023.11.13"]
[Round "1"]
[White "Prraneeth, Vuppala"]
[Black "Schouten, Mathias Lind"]
[Result "0-1"]
[WhiteElo "2512"]
[BlackElo "2175"]
[PlyCount "114"]
[EventDate "2023.11.13"]
[EventType "swiss"]
[EventRounds "11"]
[EventCountry "ITA"]
[SourceTitle "CB48_2023"]
[SourceDate "2023.11.29"]
[SourceVersion "1"]
[SourceVersionDate "2023.11.29"]
[SourceQuality "1"]

1. c4 c6 2. Nf3 d5 3. e3 Nf6 4. Nc3 e6 5. b3 Bd6 6. Bb2 0-0 7. Qc2 Nbd7 8. Be2 b6 9. g4 Nxg4 10. Rg1 Nde5 11. Nxe5 Nxe5 12. 0-0-0 Ng6 13. f4 Qh4 14. Rg5 f5 15. Rdg1 Bd7 16. Bf3 b5 17. Ne2 Be7 18. Rh5 Qf2 19. Rh3 d4 20. Qd1 dxe3 21. Bd4 Bc5 22. Rg2 exd2+ 23. Qxd2 Qf1+ 24. Kc2 Bxd4 25. Qxd4 Rad8 26. Qe3 e5 27. Rg1 Qxh3 28. Bd5+ cxd5 29. Qxh3 dxc4 30. fxe5 Bc6 31. bxc4 Be4+ 32. Kc1 Rc8 33. Kb2 bxc4 34. Nc3 Bd3 35. Qg2 f4 36. h4 f3 37. Qf2 Nxe5 38. Nd5 Rf7 39. Kc3 Rd8 40. Qd4 Rxd5 41. Qxd5 f2 42. Qd8+ Rf8 43. Qd5+ Nf7 44. Rxg7+ Kxg7 45. Qd4+ Ne5 46. Qxe5+ Rf6 47. Qe7+ Kg6 48. Qe8+ Kf5 49. Qh5+ Ke4 50. Qg4+ Rf4 51. Qg2+ Ke3 52. Qg3+ Ke2 53. Qg2 Be4 54. Qh2 Rf3+ 55. Kb2 Ke1 56. Kc1 Rc3+ 57. Kb2 Rc2+ 0-1

[Event "Fagernes Autumn op"]
[Site "Fagernes"]
[Date "2023.10.13"]
[Round "7"]
[White "Schouten, Mathias Lind"]
[Black "Rohit, S3."]
[Result "0-1"]
[WhiteElo "2147"]
[BlackElo "2226"]
[PlyCount "90"]
[EventDate "2023.10.08"]
[EventType "swiss"]
[EventRounds "9"]
[EventCountry "NOR"]
[SourceTitle "Mega2024 Update 01"]
[Source "Chessbase"]
[SourceDate "2023.11.12"]
[SourceVersion "1"]
[SourceVersionDate "2023.11.12"]
[SourceQuality "1"]

1. Nf3 c5 2. e4 d6 3. d4 cxd4 4. Nxd4 Nf6 5. Nc3 a6 6. Bg5 e6 7. Qf3 Be7 8. 0-0-0 Nbd7 9. g4 Qc7 10. Bd2 Ne5 11. Qe2 Nc6 12. Nxc6 bxc6 13. g5 Nd7 14. Bg2 Rb8 15. f4 Qb6 16. b3 Nc5 17. Be3 Qa5 18. Qe1 Qa3+ 19. Kb1 0-0 20. h4 d5 21. exd5 exd5 22. Bc1 Qb4 23. Nxd5 cxd5 24. Qxe7 Bf5 25. Qe1 Qc4 26. Ka1 Qxc2 27. Bb2 d4 28. Qd2 Qxd2 29. Rxd2 d3 30. Ba3 Rfc8 31. Bh3 Bxh3 32. Bxc5 Bf5 33. b4 Re8 34. Kb2 Re4 35. Rhh2 Rc4 36. Bd6 Rb6 37. Be7 Rc7 38. Rhe2 f6 39. Re3 Kf7 40. gxf6 gxf6 41. Bd8 Rxb4+ 42. Ka3 Rcb7 43. Re7+ Rxe7 44. Kxb4 Re4+ 45. Ka5 Re2 0-1

[Event "Riga Tech Rapid op"]
[Site "Riga"]
[Date "2023.08.06"]
[Round "7"]
[White "Schouten, Mathias Lind"]
[Black "Blokhin, Sofia"]
[Result "0-1"]
[WhiteElo "2109"]
[BlackElo "1982"]
[PlyCount "76"]
[EventDate "2023.08.06"]
[EventType "swiss (rapid)"]
[EventRounds "9"]
[EventCountry "LAT"]
[SourceTitle "CBM 215 Extra"]
[Source "ChessBase"]
[SourceDate "2023.09.30"]
[SourceVersion "1"]
[SourceVersionDate "2023.09.30"]
[SourceQuality "1"]

1. d4 f5 2. Bg5 g6 3. e3 Nf6 4. Bxf6 exf6 5. h4 d6 6. h5 g5 7. Bd3 Nc6 8. c3 d5 9. Qc2 Ne7 10. Ne2 Be6 11. Ng3 Qd7 12. Nd2 Bh6 13. Nb3 b6 14. f3 0-0 15. 0-0-0 a5 16. Kb1 a4 17. Nd2 c5 18. Rhe1 c4 19. Bf1 f4 20. exf4 gxf4 21. Rxe6 Qxe6 22. Nge4 Kh8 23. Nf2 Qf5 24. Ng4 Bg5 25. Re1 Rfe8 26. Kc1 Qxc2+ 27. Kxc2 Nf5 28. Kd1 Rxe1+ 29. Kxe1 Re8+ 30. Kd1 Ng3 31. Nh2 Nxh5 32. b3 axb3 33. axb3 b5 34. Nb1 Ra8 35. bxc4 bxc4 36. Be2 Ng3 37. Nf1 Nf5 38. Kc1 Nh4 0-1

[Event "NOR-chB"]
[Site "Oslo"]
[Date "2023.07.06"]
[Round "7"]
[White "Schouten, Mathias Lind"]
[Black "Nordquelle, Daniel"]
[Result "0-1"]
[WhiteElo "2137"]
[BlackElo "2137"]
[PlyCount "76"]
[EventDate "2023.06.30"]
[EventType "swiss"]
[EventRounds "9"]
[EventCountry "NOR"]
[SourceTitle "EXT 2024"]
[Source "ChessBase"]
[SourceDate "2023.10.10"]
[SourceVersion "1"]
[SourceVersionDate "2023.10.10"]
[SourceQuality "1"]

1. Nf3 d5 2. g3 Nf6 3. Bg2 e6 4. 0-0 b5 5. b3 Bb7 6. c4 dxc4 7. bxc4 b4 8. d4 c5 9. e3 Nbd7 10. Bb2 Be7 11. Nbd2 0-0 12. Qe2 Qc7 13. Rfd1 Rfd8 14. Nb3 a5 15. dxc5 Nxc5 16. Nbd4 Rac8 17. Nb5 Rxd1+ 18. Rxd1 Qb6 19. Be5 Nfe4 20. Nd2 f6 21. Bd4 Nxd2 22. Bxb7 Qxb7 23. Rxd2 Ne4 24. Rc2 Ng5 25. e4 Nxe4 26. f3 Ng5 27. Kg2 e5 28. Be3 Ne6 29. Qd3 g6 30. h4 Rd8 31. Qe4 Qxe4 32. fxe4 Bc5 33. Bd2 Rd3 34. Bc1 Rd1 35. Bh6 g5 36. Kf3 Kf7 37. Kg4 Kg6 38. hxg5 fxg5 0-1

[Event "NOR-chB"]
[Site "Oslo"]
[Date "2023.07.03"]
[Round "3"]
[White "Schouten, Mathias Lind"]
[Black "Flaten, Roar E"]
[Result "1-0"]
[WhiteElo "2137"]
[BlackElo "1976"]
[PlyCount "63"]
[EventDate "2023.06.30"]
[EventType "swiss"]
[EventRounds "9"]
[EventCountry "NOR"]
[SourceTitle "EXT 2024"]
[Source "ChessBase"]
[SourceDate "2023.10.10"]
[SourceVersion "1"]
[SourceVersionDate "2023.10.10"]
[SourceQuality "1"]

1. d4 Nf6 2. Nf3 d5 3. c4 c6 4. cxd5 cxd5 5. Nc3 Nc6 6. Bf4 e6 7. e3 Bb4 8. Bd3 0-0 9. 0-0 Nh5 10. Bg5 Be7 11. Bxe7 Qxe7 12. Ne5 g6 13. Nxc6 bxc6 14. Na4 e5 15. dxe5 c5 16. Be2 Bd7 17. Nc3 Bc6 18. Bxh5 gxh5 19. Qxh5 d4 20. exd4 cxd4 21. Qg4+ Kh8 22. Qxd4 Rg8 23. g3 Rad8 24. Qf4 Rg6 25. Rad1 Rdg8 26. Nd5 Qb7 27. Ne3 Qxb2 28. Rd6 Qxa2 29. Rxg6 Rxg6 30. Rd1 Qe6 31. Rd8+ Rg8 32. Rd6 1-0

[Event "NOR-chT Elite 2223"]
[Site "Norway"]
[Date "2023.03.04"]
[Round "8.24"]
[White "Schouten, Mathias Lind"]
[Black "Tryggestad, Andreas Garberg"]
[Result "1/2-1/2"]
[WhiteElo "2044"]
[BlackElo "2276"]
[PlyCount "60"]
[EventDate "2022.11.11"]
[EventType "team-tourn"]
[EventRounds "9"]
[EventCountry "NOR"]
[SourceTitle "CBM 213 Extra"]
[Source "ChessBase"]
[SourceDate "2023.05.31"]
[SourceVersion "1"]
[SourceVersionDate "2023.05.31"]
[SourceQuality "1"]
[WhiteTeam "Tromsoe"]
[BlackTeam "Nordstrand"]
[WhiteTeamCountry "NOR"]
[BlackTeamCountry "NOR"]

1. d4 Nf6 2. c4 g6 3. Nc3 d5 4. Nf3 Bg7 5. Qb3 dxc4 6. Qxc4 a6 7. Bf4 c6 8. e4 0-0 9. Be2 b5 10. Qb3 Qa5 11. e5 Ne4 12. 0-0 Be6 13. Qc2 Nxc3 14. bxc3 Nd7 15. Ng5 Bd5 16. c4 bxc4 17. Bd2 Qd8 18. Rfd1 f6 19. exf6 exf6 20. Nh3 f5 21. Bb4 Re8 22. Bxc4 Qh4 23. Bxd5+ cxd5 24. Qc6 Nf6 25. Rac1 Qe4 26. Ng5 Qe2 27. Re1 Qb5 28. Rxe8+ Rxe8 29. Qxb5 axb5 30. Nf3 Ra8 1/2-1/2

[Event "Kragero op"]
[Site "Kragero"]
[Date "2023.02.23"]
[Round "4"]
[White "Rakhmangulova, Anastasiya"]
[Black "Schouten, Mathias Lind"]
[Result "1-0"]
[WhiteElo "2275"]
[BlackElo "2114"]
[PlyCount "71"]
[EventDate "2023.02.22"]
[EventType "swiss"]
[EventRounds "9"]
[EventCountry "NOR"]
[SourceTitle "CBM 212 Extra"]
[Source "ChessBase"]
[SourceDate "2023.03.31"]
[SourceVersion "1"]
[SourceVersionDate "2023.03.31"]
[SourceQuality "1"]

1. e4 c5 2. Nf3 d6 3. d4 cxd4 4. Nxd4 Nf6 5. Nc3 a6 6. Bg5 e6 7. f4 Be7 8. Qf3 Qc7 9. 0-0-0 Nbd7 10. g4 h6 11. Bxf6 Bxf6 12. h4 Nb6 13. Be2 Bd7 14. g5 Bxd4 15. Rxd4 0-0-0 16. Rhd1 Bc6 17. Qf2 hxg5 18. hxg5 d5 19. Rb4 Nc4 20. Bxc4 Qe7 21. a3 a5 22. Rb5 Bxb5 23. Bxb5 dxe4 24. Qa7 Rxd1+ 25. Nxd1 Qd6 26. Qa8+ Qb8 27. Qxb8+ Kxb8 28. Kd2 Rd8+ 29. Ke2 f5 30. Bc4 Re8 31. Ke3 Kc7 32. Nc3 e5 33. Bf7 Rf8 34. g6 Kd6 35. Nb5+ Kc6 36. fxe5 1-0

[Event "Prague op 21st"]
[Site "Prague"]
[Date "2023.01.07"]
[Round "3"]
[White "Goroshkov, Maksym"]
[Black "Schouten, Mathias Lind"]
[Result "1/2-1/2"]
[WhiteElo "2261"]
[BlackElo "2044"]
[PlyCount "219"]
[EventDate "2023.01.06"]
[EventType "swiss"]
[EventRounds "9"]
[EventCountry "CZE"]
[SourceTitle "CBM 212 Extra"]
[Source "ChessBase"]
[SourceDate "2023.03.31"]
[SourceVersion "1"]
[SourceVersionDate "2023.03.31"]
[SourceQuality "1"]

1. d4 Nf6 2. Nf3 d5 3. c4 e6 4. g3 Be7 5. Bg2 0-0 6. 0-0 dxc4 7. Qc2 b5 8. a4 b4 9. Nbd2 Ba6 10. Nxc4 Nbd7 11. Nfe5 Nxe5 12. Nxe5 Nd5 13. Rd1 Bb7 14. e4 Nf6 15. Nc6 Qe8 16. Nxe7+ Qxe7 17. Bg5 c5 18. dxc5 Rac8 19. Bxf6 gxf6 20. Rac1 Rc7 21. Qc4 a5 22. e5 Bxg2 23. Kxg2 Rfc8 24. Qg4+ Kh8 25. Qd4 fxe5 26. Qxe5+ f6 27. Qd6 Qxd6 28. Rxd6 Rxc5 29. Rxc5 Rxc5 30. Rxe6 Kg7 31. Ra6 Rc2 32. Rxa5 Rxb2 33. Rb5 b3 34. a5 Ra2 35. Rxb3 Rxa5 36. h4 h5 37. Rb4 Ra2 38. Rf4 Kg6 39. Kh3 Ra3 40. Rc4 Rb3 41. Rc5 Rb2 42. f3 Rf2 43. Rc3 f5 44. Rc6+ Kg7 45. f4 Re2 46. Rb6 Rf2 47. Re6 Rd2 48. Re1 Kf6 49. Rg1 Ke6 50. Rh1 Ra2 51. Rb1 Kf6 52. Rb6+ Kg7 53. Rb7+ Kg6 54. Re7 Rb2 55. Re5 Ra2 56. Rb5 Rc2 57. Ra5 Rb2 58. Ra1 Kf6 59. Rf1 Ra2 60. Re1 Rb2 61. Re8 Kg7 62. Ra8 Rc2 63. Ra1 Kf6 64. Rg1 Ke6 65. Rb1 Kf6 66. Rb5 Ra2 67. Rd5 Rb2 68. Rd1 Ra2 69. Rd7 Kg6 70. Rd8 Kg7 71. Rd5 Kg6 72. Re5 Rb2 73. Ra5 Rc2 74. Ra8 Kg7 75. Ra1 Kf6 76. Ra7 Kg6 77. Rb7 Ra2 78. Rb6+ Kg7 79. Rb8 Rc2 80. Rb1 Kf6 81. Rb7 Kg6 82. Rd7 Ra2 83. Rb7 Rc2 84. Rb1 Kf6 85. Re1 Ra2 86. Rc1 Rb2 87. Rc8 Kg7 88. Rc7+ Kg6 89. Rc6+ Kg7 90. Ra6 Rc2 91. Ra1 Kf6 92. Rf1 Ra2 93. Rb1 Rc2 94. Rb6+ Kg7 95. Rb7+ Kg6 96. Rb8 Kg7 97. Re8 Ra2 98. Re1 Kf6 99. Rg1 Ke6 100. Rg2 Rxg2 101. Kxg2 Kd5 102. Kf3 Kd4 103. Kf2 Ke4 104. Ke2 Kd4 105. Kf3 Kd3 106. Kf2 Kd4 107. Kf3 Kd3 108. Kf2 Kd4 109. Kf3 Kd3 110. Kf2 1/2-1/2

[Event "Fagernes Autumn op"]
[Site "Fagernes"]
[Date "2022.10.14"]
[Round "7"]
[White "Schouten, Mathias Lind"]
[Black "Frederic, Clement"]
[Result "0-1"]
[WhiteElo "2128"]
[BlackElo "2234"]
[PlyCount "92"]
[EventDate "2022.10.09"]
[EventType "swiss"]
[EventRounds "9"]
[EventCountry "NOR"]
[SourceTitle "CBM 210 Extra"]
[Source "ChessBase"]
[SourceDate "2022.11.30"]
[SourceVersion "1"]
[SourceVersionDate "2022.11.30"]
[SourceQuality "1"]

1. d4 d6 2. c4 f5 3. Nc3 Nf6 4. Bg5 Nbd7 5. e3 g6 6. h4 h6 7. Bxf6 Nxf6 8. Nge2 c6 9. Nf4 Rg8 10. d5 g5 11. hxg5 hxg5 12. Nh5 e5 13. Qa4 Bd7 14. Qb3 Nxh5 15. Rxh5 Qb6 16. Qxb6 axb6 17. Be2 g4 18. Kd2 Ke7 19. Rh7+ Bg7 20. f3 gxf3 21. gxf3 Kf6 22. Rg1 Be8 23. Rh2 Bf7 24. Rhg2 Bh6 25. Rxg8 Bxg8 26. a3 Bf7 27. Bd1 b5 28. Bb3 bxc4 29. Bxc4 Rh8 30. Rg2 Bg5 31. Rf2 Rh4 32. Ba2 cxd5 33. Bxd5 Rd4+ 34. Ke2 Rxd5 35. Nxd5+ Bxd5 36. Kd3 Bc6 37. f4 Bh6 38. Kc4 Bf8 39. b4 b5+ 40. Kc3 Bh6 41. a4 bxa4 42. Kc4 Bf8 43. b5 d5+ 44. Kc3 Bxb5 45. Rb2 Bd7 46. Rb6+ Be6 0-1

[Event "Fagernes Autumn op"]
[Site "Fagernes"]
[Date "2022.10.13"]
[Round "6"]
[White "Holand, Per Fredrik"]
[Black "Schouten, Mathias Lind"]
[Result "0-1"]
[WhiteElo "2024"]
[BlackElo "2128"]
[PlyCount "86"]
[EventDate "2022.10.09"]
[EventType "swiss"]
[EventRounds "9"]
[EventCountry "NOR"]
[SourceTitle "CBM 210 Extra"]
[Source "ChessBase"]
[SourceDate "2022.11.30"]
[SourceVersion "1"]
[SourceVersionDate "2022.11.30"]
[SourceQuality "1"]

1. e4 c5 2. Nf3 e6 3. d4 cxd4 4. Nxd4 Nc6 5. Nc3 Qc7 6. g3 a6 7. Bg2 Nf6 8. 0-0 Nxd4 9. Qxd4 Bc5 10. Bf4 d6 11. Qd2 h6 12. Rad1 e5 13. Be3 Bxe3 14. fxe3 Be6 15. Qxd6 Rc8 16. h3 Qxd6 17. Rxd6 Ke7 18. Rb6 Rc7 19. Nd5+ Bxd5 20. exd5 Ne8 21. c4 Nd6 22. b3 Rc5 23. Rxd6 Kxd6 24. Rxf7 Rc7 25. c5+ Rxc5 26. Rxb7 Rc1+ 27. Kh2 Rc2 28. g4 Rf8 29. Kg3 Rxa2 30. Rxg7 Re2 31. Rg6+ Kd7 32. d6 Rxe3+ 33. Kh4 Rf2 34. Bb7 Rh2 35. g5 Rhxh3+ 36. Kg4 Rhg3+ 37. Kf5 Rxg5+ 38. Rxg5 hxg5 39. Bxa6 Kxd6 40. Bc4 Rg3 41. Bg8 Rf3+ 42. Ke4 Rf4+ 43. Ke3 g4 0-1

[Event "Riga Tech op 11th"]
[Site "Riga"]
[Date "2022.08.18"]
[Round "6"]
[White "Tomaszewski, Kacper"]
[Black "Schouten, Mathias Lind"]
[Result "1-0"]
[WhiteElo "2327"]
[BlackElo "2173"]
[PlyCount "69"]
[EventDate "2022.08.15"]
[EventType "swiss"]
[EventRounds "9"]
[EventCountry "LAT"]
[SourceTitle "CBM 209 Extra"]
[Source "ChessBase"]
[SourceDate "2022.09.30"]
[SourceVersion "1"]
[SourceVersionDate "2022.09.30"]
[SourceQuality "1"]

1. Nf3 d5 2. d4 Nf6 3. c4 e6 4. Nc3 Be7 5. Bg5 0-0 6. e3 h6 7. Bxf6 Bxf6 8. cxd5 exd5 9. Bd3 c6 10. 0-0 Re8 11. b4 Be6 12. Rc1 a6 13. Na4 Qe7 14. Qb3 b5 15. Nc5 a5 16. a3 axb4 17. axb4 Nd7 18. Bb1 g6 19. Nxd7 Bxd7 20. Ne1 Bg7 21. Nd3 Qg5 22. Kh1 Re4 23. Ne5 Bxe5 24. Bxe4 Bxh2 25. Kxh2 dxe4 26. Ra1 Re8 27. Qc2 Kg7 28. Qc5 Qh4+ 29. Kg1 Bg4 30. Qxc6 Re6 31. Qc7 Rf6 32. Qg3 Qg5 33. Rfc1 h5 34. Rc5 Qh6 35. Qe5 1-0

[Event "Riga Tech Rapid op"]
[Site "Riga"]
[Date "2022.08.14"]
[Round "9"]
[White "Schouten, Mathias Lind"]
[Black "Crevatin, Leo"]
[Result "0-1"]
[WhiteElo "2173"]
[BlackElo "2280"]
[PlyCount "158"]
[EventDate "2022.08.14"]
[EventType "swiss (rapid)"]
[EventRounds "9"]
[EventCountry "LAT"]
[SourceTitle "CBM 209 Extra"]
[Source "ChessBase"]
[SourceDate "2022.09.30"]
[SourceVersion "1"]
[SourceVersionDate "2022.09.30"]
[SourceQuality "1"]

1. e4 c6 2. d4 d5 3. e5 Bf5 4. h4 h5 5. Bg5 Qb6 6. Bd3 Bxd3 7. Qxd3 e6 8. Nd2 Nh6 9. Ne2 Nf5 10. 0-0 Nd7 11. Nf3 Qb5 12. Qxb5 cxb5 13. Rfc1 Nb6 14. Nd2 Rc8 15. g3 Be7 16. Bxe7 Kxe7 17. c3 Rc7 18. Rc2 Rhc8 19. Rac1 b4 20. Kf1 Na4 21. Nb3 bxc3 22. Nxc3 Kd8 23. Ke2 Nxb2 24. Rxb2 Rxc3 25. Rxc3 Rxc3 26. Kd2 Rc4 27. Na5 Rxd4+ 28. Kc3 Ra4 29. Nxb7+ Kc7 30. Kb3 Rc4 31. Na5 Nd4+ 32. Ka3 Rc5 33. Ka4 Nc6 34. Nb3 Rc4+ 35. Kb5 Rb4+ 36. Kc5 Rb6 37. Re2 a6 38. Nd4 Nb8 39. Nb3 Nd7+ 40. Kd4 Rb4+ 41. Kc3 Rc4+ 42. Kd3 Nc5+ 43. Nxc5 Rxc5 44. Rb2 Rc4 45. Rb3 Re4 46. Ra3 Kb6 47. Rb3+ Kc6 48. Rc3+ Kb5 49. Rc7 Rxe5 50. Rxf7 g5 51. hxg5 Rxg5 52. Kd4 Rg4+ 53. Kd3 h4 54. gxh4 Rxh4 55. Re7 Re4 56. f3 Re1 57. f4 Re4 58. Re8 Kb4 59. Rb8+ Ka4 60. Rb6 a5 61. Ra6 Kb4 62. Ra8 a4 63. f5 exf5 64. Rd8 d4 65. Rf8 Rf4 66. Rh8 Ka3 67. Rh2 Rg4 68. Rf2 Rh4 69. Rg2 f4 70. Rf2 f3 71. Kc4 Rf4 72. Kd3 Kb4 73. Rb2+ Kc5 74. Rf2 Kd5 75. a3 Rf8 76. Rf1 f2 77. Kd2 Rf3 78. Ke2 Ke4 79. Kd2 Rxa3 0-1

[Event "Riga Tech Rapid op"]
[Site "Riga"]
[Date "2022.08.14"]
[Round "2"]
[White "Schouten, Mathias Lind"]
[Black "Torngren, Gustav"]
[Result "1-0"]
[WhiteElo "2173"]
[BlackElo "2247"]
[PlyCount "105"]
[EventDate "2022.08.14"]
[EventType "swiss (rapid)"]
[EventRounds "9"]
[EventCountry "LAT"]
[SourceTitle "CBM 209 Extra"]
[Source "ChessBase"]
[SourceDate "2022.09.30"]
[SourceVersion "1"]
[SourceVersionDate "2022.09.30"]
[SourceQuality "1"]

1. e4 b6 2. d4 Bb7 3. Nc3 e6 4. Bd3 Nf6 5. Bg5 h6 6. Bh4 Be7 7. Nf3 0-0 8. Qd2 c5 9. Bxf6 Bxf6 10. e5 cxd4 11. Ne4 Be7 12. Nxd4 Nc6 13. Nxc6 Bxc6 14. 0-0-0 f5 15. exf6 Bxf6 16. Nxf6+ Qxf6 17. f3 Qf4 18. Qxf4 Rxf4 19. Rhe1 Kf8 20. Re5 Ke7 21. Bb5 Bxb5 22. Rxb5 d5 23. Rb3 Kd6 24. Re3 Rc8 25. Rde1 Rf6 26. R1e2 Rc6 27. Ra3 a5 28. Rb3 g5 29. h3 e5 30. Rbe3 Re6 31. Kd1 d4 32. Rd3 Kd5 33. Red2 Rcd6 34. c3 Kc5 35. cxd4+ Rxd4 36. Rxd4 exd4 37. Rc2+ Kd5 38. Kd2 Rc6 39. Rxc6 Kxc6 40. Kd3 Kd5 41. b3 h5 42. g3 h4 43. gxh4 gxh4 44. f4 b5 45. a3 b4 46. a4 Ke6 47. Kxd4 Kf5 48. Ke3 Kf6 49. Ke4 Ke6 50. f5+ Kf6 51. Kf4 Kf7 52. Kg5 Kg7 53. Kxh4 1-0

[Event "Norway Chess op-A"]
[Site "Stavanger"]
[Date "2022.06.07"]
[Round "6"]
[White "Schouten, Mathias Lind"]
[Black "Fishbein, Mitch"]
[Result "1/2-1/2"]
[WhiteElo "2118"]
[BlackElo "2067"]
[PlyCount "101"]
[EventDate "2022.06.03"]
[EventType "swiss"]
[EventRounds "9"]
[EventCountry "NOR"]
[SourceTitle "CBM 208 Extra"]
[Source "ChessBase"]
[SourceDate "2022.07.31"]
[SourceVersion "1"]
[SourceVersionDate "2022.07.31"]
[SourceQuality "1"]

1. d4 Nf6 2. c4 g6 3. Nc3 Bg7 4. e4 0-0 5. Nf3 d6 6. Be2 e5 7. dxe5 dxe5 8. Qxd8 Rxd8 9. Bg5 Re8 10. Nd5 Nxd5 11. cxd5 c6 12. Bc4 cxd5 13. Bxd5 Nd7 14. Nd2 Nc5 15. 0-0-0 Be6 16. Bxe6 Nxe6 17. Be3 Bf8 18. Nb3 a5 19. Kb1 a4 20. Nc1 Bc5 21. Bxc5 Nxc5 22. f3 Red8 23. Ne2 Ne6 24. Nc3 Nd4 25. Nd5 Kg7 26. Rc1 b5 27. Rc5 Rab8 28. Rhc1 Rb7 29. Ne3 f6 30. Nd5 Kf7 31. Rc7+ Rd7 32. Rc8 Kg7 33. Re8 Rf7 34. Rcc8 Kh6 35. Rcd8 b4 36. Rd6 Kg7 37. Ra6 a3 38. b3 Rfc7 39. Rb8 Rxb8 40. Nxc7 Rc8 41. Ne6+ Nxe6 42. Rxe6 Rd8 43. Kc2 Rc8+ 44. Kd2 Rd8+ 45. Ke2 Rc8 46. Rd6 Rc2+ 47. Rd2 Rc1 48. Kd3 Rc3+ 49. Ke2 Rc1 50. Rd1 Rc2+ 51. Rd2 1/2-1/2

[Event "Norway Chess op-A"]
[Site "Stavanger"]
[Date "2022.06.03"]
[Round "1"]
[White "Seo, Jung Min"]
[Black "Schouten, Mathias Lind"]
[Result "1-0"]
[WhiteElo "2479"]
[BlackElo "2118"]
[PlyCount "93"]
[EventDate "2022.06.03"]
[EventType "swiss"]
[EventRounds "9"]
[EventCountry "NOR"]
[SourceTitle "CBM 208 Extra"]
[Source "ChessBase"]
[SourceDate "2022.07.31"]
[SourceVersion "1"]
[SourceVersionDate "2022.07.31"]
[SourceQuality "1"]

1. d4 d5 2. c4 e5 3. dxe5 Ne7 4. cxd5 Qxd5 5. Bd2 Nbc6 6. Nc3 Qxe5 7. e4 Be6 8. Nf3 Qf6 9. Qa4 0-0-0 10. 0-0-0 h6 11. h4 Kb8 12. Bb5 a6 13. Be2 g6 14. Be3 Bg7 15. Kb1 Bg4 16. Qb3 Be6 17. Qc2 Bg4 18. a3 Bxf3 19. Bxf3 Nd4 20. Bxd4 Rxd4 21. Rxd4 Qxd4 22. Rd1 Qc5 23. h5 Bxc3 24. Qxc3 Qxc3 25. bxc3 Nc6 26. Rd7 Rf8 27. Be2 Kc8 28. Rd1 Rd8 29. Bg4+ Kb8 30. Rxd8+ Nxd8 31. hxg6 fxg6 32. f4 c5 33. Kc2 Kc7 34. Kd3 b5 35. e5 Nc6 36. Bf3 Ne7 37. g4 Kd7 38. Ke4 a5 39. f5 b4 40. axb4 cxb4 41. cxb4 axb4 42. Bd1 gxf5+ 43. gxf5 Kd8 44. f6 Nc6 45. e6 h5 46. Ba4 h4 47. Bxc6 1-0

[Event "Uppsala Young Champions 8th"]
[Site "Uppsala"]
[Date "2021.11.02"]
[Round "7"]
[White "Westrum, Kim Roger Hansen"]
[Black "Schouten, Mathias Lind"]
[Result "0-1"]
[WhiteElo "1945"]
[BlackElo "2166"]
[PlyCount "148"]
[EventDate "2021.10.29"]
[EventType "swiss"]
[EventRounds "9"]
[EventCountry "SWE"]
[SourceTitle "CBM 205 Extra"]
[Source "ChessBase"]
[SourceDate "2022.01.31"]
[SourceVersion "1"]
[SourceVersionDate "2022.01.31"]
[SourceQuality "1"]

1. c4 e5 2. Nc3 Nc6 3. g3 Bc5 4. Bg2 a6 5. e3 d6 6. Nge2 Ba7 7. 0-0 Nge7 8. a3 0-0 9. b4 Be6 10. Nd5 Qd7 11. Bb2 Nd8 12. d4 Ng6 13. h4 c6 14. h5 Nh8 15. Ndc3 exd4 16. Nxd4 Bxc4 17. Re1 Be6 18. Ne4 Bg4 19. Bf3 Bxf3 20. Nxf3 d5 21. h6 f6 22. hxg7 Qxg7 23. Nd6 Qg4 24. Nh4 Qxd1 25. Raxd1 Nhf7 26. Nxf7 Kxf7 27. e4 Ne6 28. exd5 cxd5 29. Rxd5 Rad8 30. Red1 Rxd5 31. Rxd5 Rd8 32. Rxd8 Nxd8 33. Nf5 Ke6 34. Ng7+ Kd5 35. Bxf6 Nc6 36. Ne8 Kc4 37. Nd6+ Kb3 38. Nxb7 Kxa3 39. Nd8 Nxb4 40. Be7 Kb3 41. Nb7 Nd3 42. Kf1 Kc4 43. f4 Bc5 44. Nxc5 Nxc5 45. f5 Ne4 46. f6 Ng5 47. Ke2 Kd4 48. Bd8 Ke4 49. Kf2 Nf7 50. Be7 a5 51. Ke2 a4 52. Kf2 Ne5 53. Ke2 Kf5 54. Kd2 Kg4 55. Kc3 Nf7 56. Kd4 Kf5 57. Kd5 h5 58. Kd4 Ng5 59. Kd5 Nf7 60. Kd4 Kg6 61. Ke4 Nh6 62. Kf4 Ng8 63. Bd6 Nxf6 64. Ba3 Nd5+ 65. Ke4 Nc3+ 66. Kf4 Ne2+ 67. Kf3 Nd4+ 68. Kf4 Ne6+ 69. Ke5 Ng5 70. Kf4 Nh3+ 71. Kf3 Kf5 72. Kg2 Kg4 73. Bc1 Ng5 74. Ba3 Ne4 0-1